Música 3 : segundo ciclo ESO

Gespeichert in:
Bibliographische Detailangaben
Weitere Verfasser: Berg, Michael Raúl
Format: Buch
Sprache:Spanisch
Erschienen: A coruña : Galinova, 2011
Katalog:MANES:  Suchergebnis im Bibliothekskatalog
Schulbuchspezifische Eigenschaften:
Tags: Tag hinzufügen
Keine Tags, Fügen Sie den ersten Tag hinzu!
Hinzugefügt zu:26.08.2003
Geändert in:07.05.2025

MARC

LEADER 00000cam a2200000 i 4500
005 20250507134616.0
008 030827s2011 espag fp 000 0 spa d
020 |a 9788497371537 
040 |a uned  |b spa  |c entro-manes 
245 0 0 |a Música 3 :   |b segundo ciclo ESO /   |c [autores, Michael Raúl Berg ... (et al.)] 
260 |a A coruña :   |b Galinova,   |c 2011 
300 |a 191 p. :   |b il. 
546 |a España 
561 |5 es-BUNED  |3 L.T.M. 2181  |a España. Fondo Manes UNED  |k MANES 
690 0 |a EA 
700 1 |a Berg, Michael Raúl  |9 41395 
942 |2 ddc  |c BK 
999 |c 98488  |d 98488 
999 |c manes:98488  |d 98488